[Event "DEM U12w 2021"]
[Site "Willingen GER"]
[Date "2021.08.29"]
[Round "9"]
[White "Hoffmann, Svenja"]
[Black "Woiteck, Sophia"]
[Result "1-0"]
[Termination "normal"]
[Board "11"]
[WhiteElo "1307"]
[BlackElo "1293"]
[WhiteClock "01:42:49"]
[BlackClock "00:16:50"]
[PlyCount "125"]
[WhiteFideId "16287312"]
[BlackFideId "34608753"]
[EventCountry "GER"]
[EventRounds "9"]
[EventType "swiss"]
[EventDate "2021.08.22"]

1. e4 {[%clk 1:30:58]} e5 {[%clk 1:30:43]} 2. Nf3 {[%clk 1:30:39]} Nc6 {[%clk
1:30:50]} 3. Bc4 {[%clk 1:28:58]} Nf6 {[%clk 1:30:22]} 4. d4 {[%clk 1:28:26]}
exd4 {[%clk 1:24:06]} 5. e5 {[%clk 1:27:34]} d5 {[%clk 1:14:12]} 6. Bb5 {[%clk
1:27:31]} Ne4 {[%clk 1:06:08]} 7. Nxd4 {[%clk 1:26:31]} Bd7 {[%clk 1:03:59]} 8.
Bxc6 {[%clk 1:26:41]} Bxc6 {[%clk 1:03:16]} 9. Bf4 {[%clk 1:25:41]} Bc5 {[%clk
0:58:10]} 10. f3 {[%clk 1:24:48]} Qh4+ {[%clk 0:57:49]} 11. g3 {[%clk 1:25:09]}
Nxg3 {[%clk 0:57:37]} 12. Bxg3 {[%clk 1:25:19]} Qxd4 {[%clk 0:57:21]} 13. Qxd4
{[%clk 1:25:41]} Bxd4 {[%clk 0:57:29]} 14. c3 {[%clk 1:25:34]} Bb6 {[%clk
0:57:16]} 15. Nd2 {[%clk 1:25:31]} O-O-O {[%clk 0:56:43]} 16. O-O-O {[%clk
1:25:44]} Rde8 {[%clk 0:53:51]} 17. Rde1 {[%clk 1:26:00]} Re6 {[%clk 0:50:41]}
18. Nb3 {[%clk 1:25:09]} Rhe8 {[%clk 0:48:59]} 19. Nd4 {[%clk 1:24:28]} Bxd4
{[%clk 0:47:45]} 20. cxd4 {[%clk 1:24:48]} Bb5 {[%clk 0:47:41]} 21. b3 {[%clk
1:24:07]} f6 {[%clk 0:42:10]} 22. f4 {[%clk 1:24:23]} Bd3 {[%clk 0:41:20]} 23.
Kd2 {[%clk 1:24:23]} Be4 {[%clk 0:41:17]} 24. Rhg1 {[%clk 1:24:36]} Rc6 {[%clk
0:41:05]} 25. Rc1 {[%clk 1:24:41]} Ra6 {[%clk 0:40:00]} 26. a4 {[%clk 1:24:56]}
Rb6 {[%clk 0:39:50]} 27. Rc3 {[%clk 1:25:15]} Ree6 {[%clk 0:33:19]} 28. Rgc1
{[%clk 1:25:19]} Rec6 {[%clk 0:32:12]} 29. Rxc6 {[%clk 1:22:02]} bxc6 {[%clk
0:26:37]} 30. Rc3 {[%clk 1:21:09]} fxe5 {[%clk 0:25:26]} 31. fxe5 {[%clk
1:21:28]} Kb7 {[%clk 0:23:28]} 32. Kc1 {[%clk 1:20:10]} Rb4 {[%clk 0:22:24]}
33. e6 {[%clk 1:18:48]} Bf5 {[%clk 0:21:46]} 34. e7 {[%clk 1:18:52]} Bd7 {[%clk
0:20:01]} 35. Be5 {[%clk 1:18:29]} g6 {[%clk 0:18:51]} 36. Kb2 {[%clk 1:18:19]}
c5 {[%clk 0:15:59]} 37. Rxc5 {[%clk 1:18:31]} c6 {[%clk 0:08:42]} 38. Ka3
{[%clk 1:16:23]} Rb6 {[%clk 0:08:35]} 39. Bd6 {[%clk 1:16:00]} Kc8 {[%clk
0:05:37]} 40. Rc3 {[%clk 1:15:50]} Be8 {[%clk 0:05:18]} 41. Rf3 {[%clk
1:15:34]} Kd7 {[%clk 0:04:49]} 42. Bc5 {[%clk 1:15:56]} Rb7 {[%clk 0:04:57]}
43. Rf6 {[%clk 1:16:05]} h5 {[%clk 0:04:12]} 44. h4 {[%clk 1:14:05]} Kc8 {[%clk
0:03:39]} 45. b4 {[%clk 1:13:39]} a6 {[%clk 0:30:21]} 46. a5 {[%clk 1:43:28]}
Kd7 {[%clk 0:28:12]} 47. Kb3 {[%clk 1:43:35]} Rb5 {[%clk 0:26:07]} 48. Kc3
{[%clk 1:41:38]} Rxc5+ {[%clk 0:26:10]} 49. dxc5 {[%clk 1:41:56]} Kxe7 50. Rf3
{[%clk 1:42:04]} Bd7 {[%clk 0:26:01]} 51. Kd4 {[%clk 1:41:48]} Bg4 {[%clk
0:25:35]} 52. Rf2 {[%clk 1:41:56]} Ke6 {[%clk 0:24:54]} 53. Rf8 {[%clk
1:40:47]} Bf5 {[%clk 0:23:12]} 54. Ra8 {[%clk 1:41:04]} g5 {[%clk 0:23:09]} 55.
hxg5 {[%clk 1:41:04]} h4 {[%clk 0:23:06]} 56. Rxa6 {[%clk 1:41:29]} h3 {[%clk
0:22:29]} 57. Rxc6+ {[%clk 1:41:54]} Kd7 {[%clk 0:19:39]} 58. Rh6 {[%clk
1:42:15]} Be4 {[%clk 0:18:34]} 59. Rxh3 {[%clk 1:42:14]} Kc6 {[%clk 0:18:22]}
60. Ra3 {[%clk 1:42:09]} Bd3 {[%clk 0:17:23]} 61. Kxd3 {[%clk 1:42:17]} d4
{[%clk 0:17:38]} 62. a6 {[%clk 1:42:33]} Kb5 {[%clk 0:16:50]} 63. a7 {[%clk
1:42:49]} 1-0

[Event "DEM U12w 2021"]
[Site "Willingen GER"]
[Date "2021.08.29"]
[Round "9"]
[White "Stasaitis, Paulina"]
[Black "Richter, Johanna"]
[Result "1-0"]
[Termination "normal"]
[Board "12"]
[WhiteElo "1321"]
[BlackElo "1155"]
[WhiteClock "00:35:06"]
[BlackClock "00:21:44"]
[PlyCount "41"]
[WhiteFideId "34606165"]
[BlackFideId "16278925"]
[EventCountry "GER"]
[EventRounds "9"]
[EventType "swiss"]
[EventDate "2021.08.22"]

1. d4 {[%clk 1:30:51]} Nf6 {[%clk 1:30:53]} 2. Bf4 {[%clk 1:31:09]} d6 {[%clk
1:31:08]} 3. h3 {[%clk 1:31:05]} Nbd7 {[%clk 1:31:27]} 4. Nf3 {[%clk 1:31:19]}
c5 {[%clk 1:30:03]} 5. c3 {[%clk 1:21:15]} Qb6 {[%clk 1:19:30]} 6. Qc2 {[%clk
1:17:42]} g6 {[%clk 1:16:13]} 7. e3 {[%clk 1:16:41]} Bg7 {[%clk 1:15:22]} 8.
Nbd2 {[%clk 1:11:31]} O-O 9. Be2 {[%clk 1:10:25]} Ne8 {[%clk 1:07:02]} 10. Nc4
{[%clk 1:05:50]} Qd8 {[%clk 1:00:54]} 11. a4 {[%clk 0:51:26]} Ndf6 {[%clk
0:53:17]} 12. dxc5 {[%clk 0:44:31]} dxc5 {[%clk 0:52:56]} 13. Rd1 {[%clk
0:44:01]} Bd7 {[%clk 0:51:30]} 14. Nfe5 {[%clk 0:41:00]} Qc8 {[%clk 0:47:47]}
15. Nxd7 {[%clk 0:40:40]} Nxd7 {[%clk 0:48:06]} 16. O-O {[%clk 0:37:27]} e5
{[%clk 0:44:07]} 17. Bh2 {[%clk 0:37:23]} f5 {[%clk 0:42:55]} 18. Qb3 {[%clk
0:35:46]} Kh8 {[%clk 0:41:36]} 19. Rd2 {[%clk 0:35:02]} b6 {[%clk 0:33:39]} 20.
Rfd1 {[%clk 0:35:06]} Nef6 {[%clk 0:21:44]} 21. Nxe5 1-0

[Event "DEM U12w 2021"]
[Site "Willingen GER"]
[Date "2021.08.29"]
[Round "9"]
[White "Neumeier, Valentina"]
[Black "Kutz, Ida Klara"]
[Result "1/2-1/2"]
[Termination "normal"]
[Board "14"]
[WhiteElo "1128"]
[BlackElo "1258"]
[WhiteClock "00:46:50"]
[BlackClock "00:50:54"]
[PlyCount "41"]
[WhiteFideId "34608222"]
[BlackFideId "16296257"]
[EventCountry "GER"]
[EventRounds "9"]
[EventType "swiss"]
[EventDate "2021.08.22"]

1. e4 {[%clk 1:30:58]} c5 {[%clk 1:30:47]} 2. Nc3 {[%clk 1:31:24]} e6 {[%clk
1:30:25]} 3. g3 {[%clk 1:31:46]} d6 {[%clk 1:30:25]} 4. Bg2 {[%clk 1:32:03]}
Nf6 {[%clk 1:29:42]} 5. d3 {[%clk 1:32:12]} Nc6 {[%clk 1:28:37]} 6. Be3 {[%clk
1:28:26]} d5 {[%clk 1:18:22]} 7. exd5 {[%clk 1:25:19]} exd5 {[%clk 1:17:42]} 8.
d4 {[%clk 1:20:38]} cxd4 {[%clk 1:16:52]} 9. Bxd4 {[%clk 1:20:51]} Nxd4 {[%clk
1:16:25]} 10. Qxd4 {[%clk 1:20:42]} Be6 {[%clk 1:15:35]} 11. Nf3 {[%clk
1:18:51]} Be7 {[%clk 1:14:36]} 12. O-O {[%clk 1:16:45]} O-O {[%clk 1:11:06]}
13. Rfe1 {[%clk 1:15:51]} Qc7 {[%clk 1:08:42]} 14. Ng5 {[%clk 1:11:41]} Bc5
{[%clk 1:04:30]} 15. Qd3 {[%clk 1:08:06]} h6 {[%clk 1:01:21]} 16. Nxe6 {[%clk
1:04:24]} fxe6 {[%clk 1:01:15]} 17. Rxe6 {[%clk 1:04:04]} Rad8 {[%clk 0:59:11]}
18. Nxd5 {[%clk 1:03:23]} Nxd5 {[%clk 0:57:29]} 19. Bxd5 {[%clk 0:59:25]} Kh8
{[%clk 0:55:04]} 20. Rf1 {[%clk 0:53:15]} Rd6 {[%clk 0:50:54]} 21. Re2 {[%clk
0:46:50]} 1/2-1/2

[Event "DEM U12w 2021"]
[Site "Willingen GER"]
[Date "2021.08.29"]
[Round "9"]
[White "Eger, Nora"]
[Black "Schube, Theresa"]
[Result "1-0"]
[Termination "normal"]
[Board "15"]
[WhiteElo "1281"]
[BlackElo "1262"]
[WhiteClock "00:18:11"]
[BlackClock "00:28:24"]
[PlyCount "65"]
[WhiteFideId "34605827"]
[BlackFideId "34608800"]
[EventCountry "GER"]
[EventRounds "9"]
[EventType "swiss"]
[EventDate "2021.08.22"]

1. Nf3 {[%clk 1:30:57]} d5 {[%clk 1:30:27]} 2. g3 {[%clk 1:31:02]} Nf6 {[%clk
1:30:13]} 3. Bg2 {[%clk 1:30:55]} Nbd7 {[%clk 1:30:09]} 4. O-O {[%clk 1:30:30]}
e5 {[%clk 1:29:11]} 5. d3 {[%clk 1:30:06]} Bd6 {[%clk 1:28:16]} 6. Nbd2 {[%clk
1:29:27]} O-O {[%clk 1:27:06]} 7. e4 {[%clk 1:28:52]} c6 {[%clk 1:27:23]} 8. h3
{[%clk 1:25:14]} Re8 {[%clk 1:25:31]} 9. Nh2 {[%clk 1:24:27]} Nb6 {[%clk
1:24:20]} 10. f4 {[%clk 1:23:21]} Qc7 {[%clk 1:21:15]} 11. f5 {[%clk 1:19:41]}
Na4 {[%clk 1:11:16]} 12. Qe2 {[%clk 1:14:55]} Qb6+ {[%clk 1:10:03]} 13. Kh1
{[%clk 1:10:58]} Bc5 {[%clk 0:56:47]} 14. Nb3 {[%clk 1:02:12]} Nd7 {[%clk
0:44:52]} 15. Nxc5 {[%clk 1:00:41]} Ndxc5 {[%clk 0:44:18]} 16. Qh5 {[%clk
0:57:46]} Qb4 {[%clk 0:39:24]} 17. f6 {[%clk 0:49:07]} dxe4 {[%clk 0:37:47]}
18. fxg7 {[%clk 0:48:34]} Be6 {[%clk 0:37:16]} 19. c3 {[%clk 0:40:13]} Nxc3
{[%clk 0:35:40]} 20. bxc3 {[%clk 0:39:41]} Qxc3 {[%clk 0:36:04]} 21. Be3 {[%clk
0:36:58]} exd3 {[%clk 0:35:26]} 22. Bxc5 {[%clk 0:35:59]} Qxc5 {[%clk 0:35:32]}
23. Be4 {[%clk 0:35:02]} f5 {[%clk 0:34:09]} 24. Bxf5 {[%clk 0:31:32]} Bxf5
{[%clk 0:34:08]} 25. Rxf5 {[%clk 0:31:12]} Qd5+ {[%clk 0:33:21]} 26. Kg1 {[%clk
0:29:29]} Re7 {[%clk 0:30:56]} 27. Raf1 {[%clk 0:26:49]} d2 {[%clk 0:29:53]}
28. Ng4 {[%clk 0:20:21]} Qd4+ {[%clk 0:28:24]} 29. Kh2 {[%clk 0:19:28]} Rxg7
{[%clk 0:28:02]} 30. Nh6+ {[%clk 0:18:27]} Kh8 {[%clk 0:28:05]} 31. Rf8+ {[%clk
0:18:36]} Rg8 {[%clk 0:28:07]} 32. Nf7+ {[%clk 0:18:11]} Kg7 {[%clk 0:28:24]}
33. Qh6# 1-0

[Event "DEM U12w 2021"]
[Site "Willingen GER"]
[Date "2021.08.29"]
[Round "9"]
[White "Milman, Sophie"]
[Black "Kopylov, Diana"]
[Result "0-1"]
[Termination "normal"]
[Board "16"]
[WhiteElo "1024"]
[BlackElo "1007"]
[WhiteClock "00:38:59"]
[BlackClock "00:16:52"]
[PlyCount "120"]
[WhiteFideId "34608885"]
[BlackFideId "16268865"]
[EventCountry "GER"]
[EventRounds "9"]
[EventType "swiss"]
[EventDate "2021.08.22"]

1. e4 {[%clk 1:30:30]} c5 {[%clk 1:30:55]} 2. Nf3 {[%clk 1:30:47]} d6 {[%clk
1:31:19]} 3. d4 {[%clk 1:30:48]} cxd4 {[%clk 1:31:44]} 4. Nxd4 {[%clk 1:31:01]}
Nf6 {[%clk 1:32:09]} 5. Nc3 {[%clk 1:30:55]} g6 {[%clk 1:32:34]} 6. f4 Bg7
{[%clk 1:28:54]} 7. e5 {[%clk 1:29:24]} dxe5 {[%clk 1:28:39]} 8. fxe5 {[%clk
1:29:09]} Ng4 {[%clk 1:25:04]} 9. Bb5+ {[%clk 1:28:04]} Nc6 {[%clk 1:20:08]}
10. Nxc6 {[%clk 1:24:44]} Qxd1+ {[%clk 1:13:48]} 11. Nxd1 {[%clk 1:24:14]} Bd7
{[%clk 1:13:15]} 12. Nd4 {[%clk 1:17:42]} Nxe5 {[%clk 1:10:01]} 13. Bxd7+
{[%clk 1:16:11]} Nxd7 {[%clk 1:09:56]} 14. Be3 {[%clk 1:15:24]} O-O {[%clk
1:08:51]} 15. O-O {[%clk 1:14:04]} b6 {[%clk 1:07:08]} 16. Nc3 {[%clk 1:12:46]}
Rac8 {[%clk 1:05:51]} 17. Rad1 {[%clk 1:07:52]} Rfd8 {[%clk 1:04:39]} 18. Rd2
{[%clk 1:04:26]} Ne5 {[%clk 1:03:19]} 19. Rb1 {[%clk 1:01:54]} Nc4 {[%clk
1:02:27]} 20. Rd3 {[%clk 0:58:25]} Nxe3 {[%clk 1:00:42]} 21. Ndb5 {[%clk
0:54:07]} Nxc2 {[%clk 0:55:42]} 22. Rxd8+ {[%clk 0:53:53]} Rxd8 {[%clk
0:55:50]} 23. Nxa7 {[%clk 0:52:39]} Rd2 {[%clk 0:51:56]} 24. Nc6 {[%clk
0:50:52]} e6 {[%clk 0:49:40]} 25. a3 {[%clk 0:48:05]} Rd6 {[%clk 0:45:56]} 26.
Nb4 {[%clk 0:47:35]} Ne3 {[%clk 0:43:49]} 27. Kf2 {[%clk 0:46:38]} Ng4+ {[%clk
0:42:36]} 28. Kg3 {[%clk 0:45:59]} f5 {[%clk 0:38:41]} 29. h3 {[%clk 0:45:01]}
Be5+ {[%clk 0:36:46]} 30. Kf3 {[%clk 0:44:35]} Nf6 {[%clk 0:34:20]} 31. Rd1
{[%clk 0:42:50]} h5 {[%clk 0:29:06]} 32. Rxd6 {[%clk 0:42:43]} Bxd6 {[%clk
0:29:15]} 33. Nc6 {[%clk 0:42:10]} g5 {[%clk 0:28:08]} 34. g3 {[%clk 0:40:53]}
g4+ {[%clk 0:27:23]} 35. hxg4 {[%clk 0:41:11]} hxg4+ {[%clk 0:27:02]} 36. Kg2
{[%clk 0:41:12]} Kg7 {[%clk 0:26:42]} 37. Nd4 {[%clk 0:40:03]} Kf7 {[%clk
0:25:37]} 38. Nde2 {[%clk 0:39:29]} Nh5 {[%clk 0:24:29]} 39. Nd1 {[%clk
0:38:35]} Kf6 {[%clk 0:24:12]} 40. Nf2 {[%clk 0:38:24]} Kg5 {[%clk 0:23:55]}
41. Nd4 {[%clk 0:37:05]} e5 42. Ne2 {[%clk 0:36:37]} Bc7 {[%clk 0:20:19]} 43.
b4 {[%clk 0:36:24]} f4 {[%clk 0:19:56]} 44. gxf4+ {[%clk 0:35:18]} exf4 {[%clk
0:19:28]} 45. Ng1 {[%clk 0:35:21]} f3+ {[%clk 0:18:09]} 46. Kf1 {[%clk
0:35:26]} Kf4 {[%clk 0:17:33]} 47. a4 {[%clk 0:35:31]} g3 {[%clk 0:17:14]} 48.
Nd3+ {[%clk 0:35:36]} Ke3 {[%clk 0:17:01]} 49. Nb2 {[%clk 0:35:40]} g2+ {[%clk
0:17:05]} 50. Ke1 {[%clk 0:35:31]} f2+ {[%clk 0:17:21]} 51. Kd1 {[%clk
0:35:53]} f1=Q+ {[%clk 0:17:35]} 52. Kc2 {[%clk 0:36:06]} Qxg1 {[%clk 0:17:35]}
53. a5 {[%clk 0:36:17]} Qf2+ {[%clk 0:17:40]} 54. Kb3 {[%clk 0:36:31]} bxa5
{[%clk 0:17:04]} 55. bxa5 {[%clk 0:36:50]} Bxa5 {[%clk 0:17:10]} 56. Nc4+
{[%clk 0:38:47]} Kd3 {[%clk 0:17:15]} 57. Nxa5 {[%clk 0:38:52]} Qc2+ {[%clk
0:17:11]} 58. Kb4 {[%clk 0:39:03]} g1=Q {[%clk 0:17:13]} 59. Nb3 {[%clk
0:38:54]} Qc4+ {[%clk 0:16:58]} 60. Ka5 {[%clk 0:38:59]} Qa7# {[%clk 0:16:52]}
0-1

[Event "DEM U12w 2021"]
[Site "Willingen GER"]
[Date "2021.08.29"]
[Round "9"]
[White "Zhou, Jenny"]
[Black "Terekhin, Maria"]
[Result "1-0"]
[Termination "normal"]
[Board "17"]
[WhiteElo "1268"]
[BlackElo "1030"]
[WhiteClock "00:34:26"]
[BlackClock "00:41:14"]
[PlyCount "91"]
[WhiteFideId "16280229"]
[BlackFideId "16277422"]
[EventCountry "GER"]
[EventRounds "9"]
[EventType "swiss"]
[EventDate "2021.08.22"]

1. e4 {[%clk 1:30:56]} e5 {[%clk 1:30:56]} 2. Nf3 {[%clk 1:31:16]} Nf6 {[%clk
1:31:20]} 3. Nxe5 {[%clk 1:31:35]} d6 {[%clk 1:31:43]} 4. Nf3 {[%clk 1:31:50]}
Nxe4 {[%clk 1:32:06]} 5. Nc3 {[%clk 1:32:09]} Nxc3 {[%clk 1:32:29]} 6. bxc3
{[%clk 1:32:28]} Bg4 {[%clk 1:32:38]} 7. h3 {[%clk 1:32:05]} Be6 {[%clk
1:32:14]} 8. d4 {[%clk 1:32:08]} d5 {[%clk 1:30:37]} 9. Bd3 {[%clk 1:30:31]}
Nc6 {[%clk 1:27:52]} 10. O-O {[%clk 1:29:17]} Bd6 {[%clk 1:27:06]} 11. Re1
{[%clk 1:29:39]} Qd7 {[%clk 1:24:17]} 12. Ng5 {[%clk 1:27:32]} O-O-O {[%clk
1:21:45]} 13. Nxe6 {[%clk 1:25:30]} fxe6 {[%clk 1:22:02]} 14. Rb1 {[%clk
1:20:26]} Rde8 {[%clk 1:11:29]} 15. a4 {[%clk 1:17:39]} e5 {[%clk 1:04:08]} 16.
Be3 {[%clk 1:13:35]} e4 {[%clk 1:02:00]} 17. Be2 {[%clk 1:11:51]} g6 {[%clk
0:57:59]} 18. Bg4 {[%clk 1:10:10]} Re6 {[%clk 0:57:34]} 19. Bxe6 {[%clk
1:09:54]} Qxe6 {[%clk 0:58:02]} 20. Qg4 {[%clk 1:09:02]} Qxg4 {[%clk 0:58:20]}
21. hxg4 {[%clk 1:09:25]} h5 {[%clk 0:58:22]} 22. gxh5 {[%clk 1:09:25]} Rxh5
{[%clk 0:58:41]} 23. Rb5 {[%clk 1:05:26]} a6 {[%clk 0:56:28]} 24. g4 {[%clk
1:03:36]} Rh4 {[%clk 0:54:49]} 25. Rxd5 {[%clk 1:02:39]} Rxg4+ {[%clk 0:54:02]}
26. Kf1 {[%clk 1:02:34]} Ne7 {[%clk 0:53:26]} 27. Rg5 {[%clk 1:01:20]} Rh4
{[%clk 0:51:38]} 28. Ke2 {[%clk 0:56:58]} Ba3 {[%clk 0:48:00]} 29. Re5 {[%clk
0:54:58]} Bd6 {[%clk 0:48:15]} 30. Re6 {[%clk 0:53:01]} Kd7 {[%clk 0:47:39]}
31. Rf6 {[%clk 0:51:28]} Rg4 {[%clk 0:47:03]} 32. f3 {[%clk 0:48:41]} Rg2+
{[%clk 0:46:13]} 33. Kd1 {[%clk 0:45:50]} exf3 {[%clk 0:45:14]} 34. Rxf3 {[%clk
0:45:13]} g5 {[%clk 0:44:20]} 35. Rg1 {[%clk 0:42:02]} Rxg1+ {[%clk 0:43:57]}
36. Bxg1 {[%clk 0:41:58]} Ke6 {[%clk 0:43:35]} 37. c4 {[%clk 0:40:55]} Bf4
{[%clk 0:42:10]} 38. Be3 {[%clk 0:35:58]} Kf5 39. Bxf4 {[%clk 0:35:57]} gxf4
{[%clk 0:42:01]} 40. Ke2 {[%clk 0:35:34]} Ke4 {[%clk 0:42:09]} 41. Rb3 {[%clk
0:35:24]} b6 {[%clk 0:42:19]} 42. c5 {[%clk 0:35:24]} bxc5 {[%clk 0:41:29]} 43.
dxc5 {[%clk 0:35:21]} Nf5 {[%clk 0:41:40]} 44. Rb4+ {[%clk 0:34:51]} Nd4+
{[%clk 0:41:40]} 45. Kf2 {[%clk 0:34:31]} c6 {[%clk 0:41:14]} 46. c3 {[%clk
0:34:26]} 1-0

[Event "DEM U12w 2021"]
[Site "Willingen GER"]
[Date "2021.08.29"]
[Round "9"]
[White "Tran, Hanna Emilie Mai Hoa"]
[Black "Niederdorfer, Mathilda"]
[Result "1-0"]
[Termination "normal"]
[Board "18"]
[WhiteElo "1077"]
[BlackElo "1264"]
[WhiteClock "01:12:01"]
[BlackClock "01:09:18"]
[PlyCount "39"]
[WhiteFideId "16267869"]
[BlackFideId "16275845"]
[EventCountry "GER"]
[EventRounds "9"]
[EventType "swiss"]
[EventDate "2021.08.22"]

1. e4 {[%clk 1:30:57]} c5 {[%clk 1:30:55]} 2. d4 {[%clk 1:31:09]} cxd4 {[%clk
1:31:07]} 3. c3 {[%clk 1:31:31]} dxc3 {[%clk 1:31:32]} 4. Nxc3 {[%clk 1:31:57]}
Nc6 {[%clk 1:31:49]} 5. Nf3 {[%clk 1:31:56]} e6 {[%clk 1:32:08]} 6. Bf4 {[%clk
1:31:34]} a6 {[%clk 1:28:54]} 7. a3 {[%clk 1:30:52]} b5 {[%clk 1:27:16]} 8. Be2
{[%clk 1:27:40]} Bc5 {[%clk 1:27:18]} 9. O-O {[%clk 1:22:35]} Bb7 {[%clk
1:24:22]} 10. b4 {[%clk 1:22:25]} Bb6 {[%clk 1:24:04]} 11. a4 {[%clk 1:22:29]}
Nxb4 {[%clk 1:20:45]} 12. axb5 {[%clk 1:20:18]} axb5 {[%clk 1:21:04]} 13. Rxa8
{[%clk 1:20:38]} Qxa8 {[%clk 1:21:24]} 14. Qd6 {[%clk 1:18:29]} Nc6 {[%clk
1:20:43]} 15. Ne5 {[%clk 1:15:53]} Qd8 {[%clk 1:14:48]} 16. Rd1 {[%clk
1:13:20]} Nxe5 {[%clk 1:14:32]} 17. Bxe5 {[%clk 1:13:10]} Ne7 {[%clk 1:10:55]}
18. Bxg7 {[%clk 1:12:36]} Rg8 {[%clk 1:11:09]} 19. Bf6 {[%clk 1:12:50]} Bc7
{[%clk 1:09:18]} 20. Bxe7 {[%clk 1:12:01]} 1-0

[Event "DEM U12w 2021"]
[Site "Willingen GER"]
[Date "2021.08.29"]
[Round "9"]
[White "Stepanjan, Tatevik Mia"]
[Black "Abram, Kristina-Maria"]
[Result "0-1"]
[Termination "normal"]
[Board "19"]
[WhiteElo "1170"]
[BlackElo "1009"]
[WhiteClock "00:05:25"]
[BlackClock "00:38:30"]
[PlyCount "128"]
[WhiteFideId "16246128"]
[BlackFideId "16298349"]
[EventCountry "GER"]
[EventRounds "9"]
[EventType "swiss"]
[EventDate "2021.08.22"]

1. e4 c5 {[%clk 1:30:35]} 2. Nf3 {[%clk 1:31:18]} e6 {[%clk 1:30:37]} 3. Nc3
{[%clk 1:30:36]} Nc6 {[%clk 1:30:06]} 4. Bb5 {[%clk 1:30:27]} a6 {[%clk
1:30:08]} 5. Ba4 {[%clk 1:30:12]} b5 {[%clk 1:30:11]} 6. Nxb5 {[%clk 1:22:17]}
axb5 {[%clk 1:30:22]} 7. Bxb5 {[%clk 1:21:34]} Bb7 {[%clk 1:28:29]} 8. d4
{[%clk 1:19:51]} cxd4 {[%clk 1:25:35]} 9. Nxd4 {[%clk 1:19:41]} Qc7 {[%clk
1:23:41]} 10. O-O {[%clk 1:06:56]} Nf6 {[%clk 1:21:09]} 11. Re1 {[%clk
1:03:34]} Bc5 {[%clk 1:19:06]} 12. Nxc6 {[%clk 1:01:32]} dxc6 {[%clk 1:17:30]}
13. Bd3 {[%clk 0:58:16]} h5 {[%clk 1:14:07]} 14. Qe2 {[%clk 0:49:36]} Ng4
{[%clk 1:11:35]} 15. g3 Bxf2+ {[%clk 1:10:53]} 16. Kg2 {[%clk 0:43:20]} Bxe1
{[%clk 1:10:16]} 17. Qxe1 {[%clk 0:43:22]} O-O {[%clk 1:07:55]} 18. h3 {[%clk
0:41:13]} Nf6 {[%clk 1:05:53]} 19. Bf4 {[%clk 0:34:28]} e5 {[%clk 1:01:00]} 20.
Bg5 {[%clk 0:32:41]} Nh7 21. Be3 {[%clk 0:26:30]} Qd7 {[%clk 0:54:18]} 22. Be2
{[%clk 0:23:55]} Bc8 {[%clk 0:52:17]} 23. g4 {[%clk 0:21:29]} Nf6 {[%clk
0:51:00]} 24. Rd1 {[%clk 0:19:17]} Qe6 {[%clk 0:49:40]} 25. Qg3 {[%clk
0:18:38]} Rxa2 {[%clk 0:46:59]} 26. gxh5 {[%clk 0:17:32]} Nxe4 {[%clk 0:46:01]}
27. Qf3 {[%clk 0:17:26]} Qf5 {[%clk 0:44:33]} 28. Bd3 {[%clk 0:15:35]} Qxf3+
{[%clk 0:44:01]} 29. Kxf3 {[%clk 0:15:49]} Nf6 {[%clk 0:43:42]} 30. h6 {[%clk
0:15:46]} Rd8 {[%clk 0:42:32]} 31. Ke2 {[%clk 0:14:38]} Rxb2 {[%clk 0:40:57]}
32. Bh7+ {[%clk 0:11:50]} Kxh7 {[%clk 0:40:17]} 33. Rxd8 {[%clk 0:12:04]} Bxh3
{[%clk 0:39:56]} 34. hxg7 {[%clk 0:12:10]} Kxg7 {[%clk 0:39:26]} 35. Rd3 {[%clk
0:10:39]} Rxc2+ {[%clk 0:37:44]} 36. Rd2 {[%clk 0:10:16]} Rxd2+ {[%clk
0:37:52]} 37. Bxd2 {[%clk 0:10:38]} Ne4 {[%clk 0:37:19]} 38. Bc1 {[%clk
0:10:33]} f5 {[%clk 0:36:56]} 39. Bb2 {[%clk 0:10:28]} Kf6 {[%clk 0:36:51]} 40.
Ke3 Nd6 {[%clk 0:36:43]} 41. Bc3 {[%clk 0:09:56]} Kg5 {[%clk 0:36:22]} 42. Kf2
{[%clk 0:09:26]} e4 {[%clk 0:36:19]} 43. Kg3 {[%clk 0:08:19]} Bg4 {[%clk
0:35:36]} 44. Bd2+ {[%clk 0:07:34]} Kf6 {[%clk 0:35:14]} 45. Bc3+ {[%clk
0:07:28]} Ke6 {[%clk 0:35:32]} 46. Kf2 {[%clk 0:06:58]} Kd5 {[%clk 0:35:32]}
47. Ke3 {[%clk 0:06:08]} Nc4+ {[%clk 0:35:29]} 48. Kf2 {[%clk 0:06:03]} e3+
{[%clk 0:35:26]} 49. Ke1 {[%clk 0:05:50]} f4 {[%clk 0:35:07]} 50. Bf6 {[%clk
0:05:22]} f3 {[%clk 0:35:10]} 51. Bh4 {[%clk 0:05:20]} f2+ {[%clk 0:35:06]} 52.
Bxf2 {[%clk 0:04:26]} exf2+ {[%clk 0:35:30]} 53. Kxf2 {[%clk 0:04:47]} Kd4
{[%clk 0:35:52]} 54. Ke1 {[%clk 0:04:57]} Kc3 {[%clk 0:36:15]} 55. Kf2 {[%clk
0:05:06]} Kd2 {[%clk 0:36:37]} 56. Kg3 {[%clk 0:05:07]} Ne5 {[%clk 0:36:56]}
57. Kf4 {[%clk 0:04:54]} c5 {[%clk 0:37:13]} 58. Kxe5 {[%clk 0:03:59]} c4
{[%clk 0:37:32]} 59. Kd4 {[%clk 0:04:16]} c3 {[%clk 0:37:50]} 60. Kc4 {[%clk
0:04:33]} c2 {[%clk 0:38:09]} 61. Kd5 {[%clk 0:04:44]} c1=Q {[%clk 0:38:18]}
62. Ke5 {[%clk 0:04:50]} Qc4 {[%clk 0:38:09]} 63. Kd6 {[%clk 0:05:08]} Kd3
{[%clk 0:38:17]} 64. Ke5 {[%clk 0:05:25]} Qd4# {[%clk 0:38:30]} 0-1